[Event "CUB-ch"]
[Site "Cuba"]
[Date "1995.??.??"]
[Round "3"]
[White "Garcia Carey, Osmel"]
[Black "Gonzales, Renieo"]
[Result "1/2-1/2"]
[WhiteElo "2345"]
[BlackElo "2290"]
[PlyCount "116"]
[EventDate "1995.??.??"]
[EventType "tourn"]
[EventRounds "13"]
[EventCountry "CUB"]
[SourceTitle "CBM 046 Extra"]
[Source "ChessBase"]
[SourceDate "1995.07.01"]
[SourceVersion "1"]
[SourceVersionDate "1995.07.01"]
[SourceQuality "1"]

1. e4 c5 2. Nf3 Nc6 3. d4 cxd4 4. Nxd4 e5 5. Nb5 d6 6. N1c3 a6 7. Na3 b5 8. Nd5 Rb8 9. Bd3 Nce7 10. c4 Nxd5 11. cxd5 Be7 12. 0-0 Nf6 13. Nc2 0-0 14. Nb4 Bb7 15. Be3 Nd7 16. a4 Bg5 17. Bxg5 Qxg5 18. axb5 axb5 19. Ra5 Nc5 20. Rxb5 Ra8 21. Bc2 Qd8 22. Qe2 Qd7 23. Re1 g6 24. h3 Kg7 25. Rb6 Qc7 26. Rb5 Bc8 27. Qc4 Qe7 28. Nc6 Qg5 29. Qc3 Re8 30. b4 Nd7 31. Ra5 Rxa5 32. Nxa5 Nf6 33. Qe3 Qh4 34. Ba4 Rd8 35. Bd1 Ba6 36. Nc6 Ra8 37. Bf3 Bb5 38. Qb6 Bd3 39. Qe3 Bb5 40. Na5 Nd7 41. Rc1 Qd8 42. Be2 Bxe2 43. Qxe2 Qb6 44. Qc4 Nf6 45. Qc6 Qb8 46. Rc4 Nxe4 47. Rxe4 Rxa5 48. bxa5 Qb1+ 49. Kh2 Qxe4 50. a6 Qd4 51. Qc2 Qa1 52. Qc4 h5 53. Qb5 h4 54. Qc4 Qa5 55. Qc6 Qa3 56. Qc4 Qa5 57. Kg1 Qa1+ 58. Kh2 Qa5 1/2-1/2

[Event "CUB-ch"]
[Site "Cuba"]
[Date "1995.??.??"]
[Round "6"]
[White "Gonzales, Renieo"]
[Black "Becerra Rivero, Julio"]
[Result "1/2-1/2"]
[WhiteElo "2290"]
[BlackElo "2490"]
[PlyCount "83"]
[EventDate "1995.??.??"]
[EventType "tourn"]
[EventRounds "13"]
[EventCountry "CUB"]
[SourceTitle "CBM 046 Extra"]
[Source "ChessBase"]
[SourceDate "1995.07.01"]
[SourceVersion "1"]
[SourceVersionDate "1995.07.01"]
[SourceQuality "1"]

1. e4 c6 2. d4 d5 3. Nd2 dxe4 4. Nxe4 Nd7 5. Bc4 Ngf6 6. Nxf6+ Nxf6 7. Nf3 Bf5 8. 0-0 e6 9. Re1 Bd6 10. Nh4 Bg4 11. Qd3 0-0 12. Nf3 Bf5 13. Qe2 h6 14. Bd3 Bxd3 15. Qxd3 c5 16. c3 Qc7 17. dxc5 Bxc5 18. Be3 Rfd8 19. Qc4 Rac8 20. Qxc5 Qxc5 21. Bxc5 Rxc5 22. Rad1 Rcd5 23. Rd4 Kf8 24. Kf1 R8d6 25. Ra4 Rb5 26. b4 a6 27. c4 Rh5 28. c5 Rc6 29. Ne5 Rc7 30. c6 Nd5 31. cxb7 Rxb7 32. a3 Nc7 33. Kg1 f6 34. Nd3 Ke7 35. Nc5 Rb6 36. g3 Rd5 37. Re2 g5 38. Kg2 g4 39. h3 h5 40. hxg4 hxg4 41. Re1 Kf7 42. Ra5 1/2-1/2

[Event "Capablanca Memorial-C"]
[Site "Matanzas"]
[Date "1995.??.??"]
[Round "10"]
[White "Gonzales, Renieo"]
[Black "Li Torres, Manuel Eugenio"]
[Result "0-1"]
[WhiteElo "2290"]
[BlackElo "2365"]
[PlyCount "79"]
[EventDate "1995.05.??"]
[EventType "tourn"]
[EventRounds "13"]
[EventCountry "CUB"]
[EventCategory "4"]
[SourceTitle "EXT 1997"]
[Source "ChessBase"]
[SourceDate "1996.11.15"]
[SourceVersion "1"]
[SourceVersionDate "1996.11.15"]
[SourceQuality "1"]

1. e4 c5 2. Nf3 a6 3. Nc3 b5 4. d4 cxd4 5. Nxd4 Bb7 6. Bd3 g6 7. 0-0 Bg7 8. Nb3 d6 9. a4 b4 10. Nd5 Bxd5 11. exd5 Nf6 12. a5 Qc8 13. Re1 Ra7 14. Qf3 Rc7 15. Bh6 0-0 16. Bxg7 Kxg7 17. Nd4 Qb7 18. Nc6 e5 19. Nxb8 Rxb8 20. Qe2 Ra8 21. Qd2 Rc5 22. Ra4 Rb8 23. Qe2 Nxd5 24. Be4 Qd7 25. Raa1 Nc7 26. g3 d5 27. Bg2 f6 28. Qd3 Qc6 29. Re2 Rbb5 30. Qb3 Ne6 31. Rd1 Nd4 32. Rxd4 exd4 33. Re7+ Kf8 34. Rxh7 Rb7 35. Rh8+ Kg7 36. Rd8 Rd7 37. Rb8 Rxc2 38. h4 d3 39. Qxd3 Rxb2 40. Rb6 0-1

[Event "CUB-ch"]
[Site "Cuba"]
[Date "1995.??.??"]
[Round "4"]
[White "Gonzales, Renieo"]
[Black "Rivera, Alberto"]
[Result "1-0"]
[WhiteElo "2290"]
[BlackElo "2370"]
[PlyCount "61"]
[EventDate "1995.??.??"]
[EventType "tourn"]
[EventRounds "13"]
[EventCountry "CUB"]
[SourceTitle "CBM 046 Extra"]
[Source "ChessBase"]
[SourceDate "1995.07.01"]
[SourceVersion "1"]
[SourceVersionDate "1995.07.01"]
[SourceQuality "1"]

1. e4 c5 2. Nf3 d6 3. Bb5+ Bd7 4. a4 Nf6 5. d3 g6 6. 0-0 Bg7 7. e5 dxe5 8. Nxe5 0-0 9. Nxd7 Nfxd7 10. a5 a6 11. Bxd7 Nxd7 12. Nd2 Rc8 13. Nc4 Rc6 14. Re1 Re8 15. Bg5 Nf8 16. Qd2 Ne6 17. Bh6 Bh8 18. Rab1 Nd4 19. Bf4 Nf5 20. b4 Bd4 21. b5 axb5 22. Rxb5 Qd5 23. Ne3 Bxe3 24. Bxe3 Rec8 25. Rxb7 Rf6 26. Rb6 Nh4 27. f4 Rxb6 28. axb6 Qc6 29. Qf2 Nf5 30. Rb1 e6 31. Bxc5 1-0

[Event "CUB-ch"]
[Site "Cuba"]
[Date "1995.??.??"]
[Round "13"]
[White "Li Torres, Manuel Eugenio"]
[Black "Gonzales, Renieo"]
[Result "0-1"]
[WhiteElo "2365"]
[BlackElo "2290"]
[PlyCount "52"]
[EventDate "1995.??.??"]
[EventType "tourn"]
[EventRounds "13"]
[EventCountry "CUB"]
[SourceTitle "CBM 046 Extra"]
[Source "ChessBase"]
[SourceDate "1995.07.01"]
[SourceVersion "1"]
[SourceVersionDate "1995.07.01"]
[SourceQuality "1"]

1. d4 g6 2. e4 Bg7 3. Nc3 c6 4. Be3 d5 5. f3 dxe4 6. fxe4 Nf6 7. Nf3 Qa5 8. Qd2 0-0 9. 0-0-0 Ng4 10. e5 c5 11. dxc5 Nc6 12. Bc4 Ncxe5 13. Nxe5 Bxe5 14. Bd4 Rd8 15. Qg5 Rxd4 16. Rxd4 Bxd4 17. Qxe7 Bf5 18. Qxf7+ Kh8 19. Re1 Bf6 20. h3 Bg5+ 21. Kb1 Nh6 22. Qxb7 Rc8 23. b4 Qa3 24. Ne4 Re8 25. Qb5 Re7 26. c6 Bf6 0-1

[Event "CUB-ch"]
[Site "Cuba"]
[Date "1995.??.??"]
[Round "7"]
[White "Perez Garcia, Rodney Oscar"]
[Black "Gonzales, Renieo"]
[Result "1/2-1/2"]
[WhiteElo "2305"]
[BlackElo "2290"]
[PlyCount "36"]
[EventDate "1995.??.??"]
[EventType "tourn"]
[EventRounds "13"]
[EventCountry "CUB"]
[SourceTitle "CBM 046 Extra"]
[Source "ChessBase"]
[SourceDate "1995.07.01"]
[SourceVersion "1"]
[SourceVersionDate "1995.07.01"]
[SourceQuality "1"]

1. c4 g6 2. Nc3 Bg7 3. g3 c5 4. Bg2 Nc6 5. Nf3 Nh6 6. 0-0 0-0 7. Rb1 d6 8. a3 a5 9. d3 Nf5 10. Bg5 Rb8 11. Ne1 Be6 12. Qc1 f6 13. Bd2 Bf7 14. Qd1 Nfd4 15. e3 Ne6 16. Nc2 Qd7 17. b4 axb4 18. axb4 Nc7 1/2-1/2

[Event "Capablanca Memorial-C"]
[Site "Matanzas"]
[Date "1995.??.??"]
[Round "4"]
[White "Rivera, Alberto"]
[Black "Gonzales, Renieo"]
[Result "1-0"]
[WhiteElo "2370"]
[BlackElo "2290"]
[PlyCount "145"]
[EventDate "1995.05.??"]
[EventType "tourn"]
[EventRounds "13"]
[EventCountry "CUB"]
[EventCategory "4"]
[SourceTitle "EXT 1997"]
[Source "ChessBase"]
[SourceDate "1996.11.15"]
[SourceVersion "1"]
[SourceVersionDate "1996.11.15"]
[SourceQuality "1"]

1. d4 d5 2. Nf3 Nf6 3. c4 c6 4. e3 Bf5 5. Nc3 e6 6. Bd3 Bxd3 7. Qxd3 Nbd7 8. 0-0 Bb4 9. b3 0-0 10. Bb2 a5 11. Rfd1 Re8 12. Ne2 Ne4 13. Ng3 Nxg3 14. hxg3 a4 15. e4 dxe4 16. Qxe4 Nf6 17. Qc2 axb3 18. axb3 Qb6 19. d5 cxd5 20. Bxf6 gxf6 21. Rxa8 Rxa8 22. cxd5 Rd8 23. dxe6 Rxd1+ 24. Qxd1 fxe6 25. Qc2 Bd6 26. Qc8+ Kf7 27. Qd7+ Be7 28. Qd3 Ke8 29. g4 Qb4 30. Nd2 Qd6 31. Qb5+ Qd7 32. Qe2 Qd5 33. g3 Kf7 34. Qe3 Kg7 35. Nf3 Bc5 36. Qc3 Kf7 37. Kg2 b5 38. Qc2 Kg7 39. Qb2 Kf7 40. Qc2 Kg7 41. Qb2 Kf7 42. Qc1 e5 43. Qd2 Ke6 44. Qe2 Qxb3 45. Qe4 Qb2 46. Qc6+ Bd6 47. g5 e4 48. Qxe4+ Be5 49. Qxh7 fxg5 50. Nxg5+ Kd5 51. Nf3 Bc3 52. Qd3+ Kc5 53. Ng5 Kb4 54. Ne4 Be5 55. Kf3 Qb3 56. Ke2 Qa3 57. Qxa3+ Kxa3 58. Kd3 b4 59. f4 Bc7 60. f5 Be5 61. g4 Ka2 62. Nd2 Bf6 63. Kc4 Ka3 64. Nb3 Ka4 65. Nd4 Bd8 66. Ne6 Be7 67. Nf4 b3 68. Nd3 Ka3 69. Kd5 Ka4 70. Ke6 Ba3 71. g5 Kb5 72. g6 Kc4 73. g7 1-0

[Event "CUB-ch"]
[Site "Cuba"]
[Date "1995.??.??"]
[Round "5"]
[White "Vera Gonzalez Quevedo, Reynaldo"]
[Black "Gonzales, Renieo"]
[Result "1/2-1/2"]
[WhiteElo "2500"]
[BlackElo "2290"]
[PlyCount "87"]
[EventDate "1995.??.??"]
[EventType "tourn"]
[EventRounds "13"]
[EventCountry "CUB"]
[SourceTitle "CBM 046 Extra"]
[Source "ChessBase"]
[SourceDate "1995.07.01"]
[SourceVersion "1"]
[SourceVersionDate "1995.07.01"]
[SourceQuality "1"]

1. d4 g6 2. c4 Bg7 3. Nc3 d6 4. Nf3 e5 5. dxe5 dxe5 6. Qxd8+ Kxd8 7. Bg5+ f6 8. 0-0-0+ Nd7 9. Bd2 Nh6 10. Rg1 Re8 11. g4 Nf7 12. Ne4 b6 13. Bg2 Bb7 14. Ne1 Kc8 15. Bc3 Nd8 16. e3 Ne6 17. Nd3 a5 18. h4 Kb8 19. h5 Ka7 20. hxg6 hxg6 21. g5 f5 22. Nf6 Bxf6 23. Bxb7 Kxb7 24. gxf6 Nxf6 25. Rxg6 Ng4 26. e4 fxe4 27. Rxg4 exd3 28. Bxe5 Nc5 29. Bd4 Rad8 30. Bxc5 bxc5 31. Rg3 Re2 32. Rgxd3 Rxd3 33. Rxd3 Rxf2 34. Rb3+ Kc6 35. Rb5 Rf4 36. Rxa5 Rxc4+ 37. Kb1 Rh4 38. b3 Rh2 39. Ra4 Rg2 40. Rc4 Kb5 41. a4+ Kb6 42. Rc2 Rg4 43. Kb2 c4 44. Rxc4 1/2-1/2

[Event "Havana op"]
[Site "Havana"]
[Date "1994.??.??"]
[Round "7"]
[White "Rodriguez Vila, Andres"]
[Black "Gonzales, Renieo"]
[Result "1-0"]
[WhiteElo "2435"]
[BlackElo "2220"]
[PlyCount "89"]
[EventDate "1994.04.??"]
[EventType "swiss"]
[EventRounds "9"]
[EventCountry "CUB"]
[SourceTitle "EXT 1997"]
[Source "ChessBase"]
[SourceDate "1996.11.15"]
[SourceVersion "1"]
[SourceVersionDate "1996.11.15"]
[SourceQuality "1"]

1. e4 g6 2. d4 Bg7 3. Nc3 c6 4. Bc4 d6 5. Qf3 e6 6. Nge2 Nf6 7. Bb3 Nbd7 8. Be3 Qc7 9. 0-0 0-0 10. a4 a5 11. h3 Rb8 12. Ng3 b5 13. Qd1 b4 14. Nce2 c5 15. c4 bxc3 16. bxc3 Ba6 17. Bc2 Nb6 18. Bd3 Nc4 19. Bc1 Nd7 20. Ra2 Qb6 21. Bc2 d5 22. e5 f6 23. exf6 Bxf6 24. Re1 Rbe8 25. Bh6 Bg7 26. Qc1 cxd4 27. cxd4 e5 28. Bxg7 Kxg7 29. Qg5 Kh8 30. Rb1 Qd6 31. h4 exd4 32. Nxd4 Re5 33. Qh6 Qf6 34. Nf3 Re7 35. h5 gxh5 36. Qxh5 Nde5 37. Bd1 Nc6 38. Re2 Rxe2 39. Bxe2 Nd2 40. Nxd2 Qxf2+ 41. Kh2 Bxe2 42. Nxe2 Rf5 43. Qh3 Rf6 44. Rb7 h6 45. Nf3 1-0